| 000 | 00842nam a22002057a 4500 | ||
|---|---|---|---|
| 999 |
_c15190 _d15190 |
||
| 003 | OSt | ||
| 082 | _2631.75807 GUL/RE | ||
| 088 | _aP 180 | ||
| 100 |
_aGULJA S. NAIR _93556 |
||
| 245 | _aReservoir operation planning and cropping pattern optimization for Chamravattom regulator - cum bridge | ||
| 260 |
_aTavanur 2008 _bKelappaji College of Agricultural Engineering and Technology |
||
| 300 | _a86 | ||
| 500 | _aReservoir operation planning and cropping pattern optimization for Chamravattom regulator - cum bridge | ||
| 520 | _aReservoir operation planning and cropping pattern optimization for Chamravattom regulator - cum bridge | ||
| 700 |
_aNeenu Peter _93557 |
||
| 700 |
_aPrajitha M _93558 |
||
| 700 |
_aEr. Rema K. P (Guide) _93554 |
||
| 856 | _uhttps://drive.google.com/open?id=1P648dX35Mqx2CCicAaCTC-AtL6eyVPaT | ||
| 942 | _cPR | ||